|
|
|
|
| LEADER |
00000nam0a2200000 4500 |
| 001 |
304468 |
| 005 |
20231102001714.0 |
| 035 |
|
|
|a (RuTPU)RU\TPU\book\329715
|
| 090 |
|
|
|a 304468
|
| 100 |
|
|
|a 20150914d m y0rusy50 ca
|
| 101 |
0 |
|
|a rus
|
| 102 |
|
|
|a RU
|
| 105 |
|
|
|a a z 001zy
|
| 200 |
1 |
|
|a Радиолокационные станции обзора Земли
|f Г. С. Кондратенков [и др.]
|
| 210 |
|
|
|a Москва
|c Радио и связь
|d 1983
|
| 215 |
|
|
|a 272 с.
|c ил.
|
| 320 |
|
|
|a Библиогр.: с. 268-270
|
| 606 |
1 |
|
|a Радиолокаторы
|2 stltpush
|3 (RuTPU)RU\TPU\subj\22757
|9 47459
|
| 610 |
1 |
|
|a радиолокация
|
| 610 |
1 |
|
|a радиолокационные наблюдения
|
| 610 |
1 |
|
|a радиолокационные поля
|
| 610 |
1 |
|
|a структурный синтез
|
| 610 |
1 |
|
|a помехи
|
| 610 |
1 |
|
|a изображения
|
| 610 |
1 |
|
|a эффективность
|
| 610 |
1 |
|
|a построение
|
| 675 |
|
|
|a 621.396.967
|v 4
|
| 701 |
|
1 |
|a Кондратенков
|b Г. С.
|g Геннадий Степанович
|
| 701 |
|
1 |
|a Потехин
|b В. А.
|g Владислав Александрович
|
| 701 |
|
1 |
|a Реутов
|b А. П.
|g Александр Павлович
|
| 701 |
|
1 |
|a Феоктистов
|b Ю. А.
|g Юрий Александрович
|
| 702 |
|
1 |
|a Кондратенков
|b Г. С.
|4 340
|
| 801 |
|
1 |
|a RU
|b 63413507
|c 20150914
|
| 801 |
|
2 |
|a RU
|b 63413507
|c 20190328
|g RCR
|
| 942 |
|
|
|c BK
|